Statystyki dla Najmniej pokojowe państwa

Kliknij tutaj aby rozwiązać quiz!

Ogólne statystyki

  • Ten quiz został rozwiązany 20 028 razy
  • Średni wynik to 9 z 20

Statystyki odpowiedzi

LpKraj% Poprawnych
13.Korea Północna
91%
3.Sudan Południowy
76%
14.Ukraina
72%
1.Somalia
66%
2.Irak
64%
12.Turcja
56%
10.Rosja
55%
19.Mali
54%
18.Izrael
52%
6.Afganistan
39%
9.D. R. Konga
39%
11.Pakistan
38%
5.Jemen
37%
7.Republika Środkowoafrykańska
34%
16.Nigeria
32%
15.Sudan
32%
4.Syria
32%
20.Wenezuela
29%
17.Liban
26%
8.Libia
13%

Rozkład punktacji

Percentyl według liczby udzielonych odpowiedzi

Procent ludzi z każdym wynikiem

Twoja historia wyników

Nie rozwiązałeś tego quizu